Φορτώνει......
Classrooms and Staffrooms: the sociology of teachers and teaching
| Κύριοι συγγραφείς: | , |
|---|---|
| Μορφή: | Printed Book |
| Γλώσσα: | English |
| Έκδοση: |
Milton, Open University Press
1984 |
| Θέματα: |
| LEADER | 005530000a22001810004500 | ||
|---|---|---|---|
| 020 | |a 0335105831 | ||
| 041 | |a eng | ||
| 082 | |a 370.15 M4 | ||
| 100 | |a Hargreaves, Andy |9 120652 | ||
| 100 | |a Woods, Peter |9 120653 | ||
| 245 | |a Classrooms and Staffrooms: the sociology of teachers and teaching | ||
| 260 | |a Milton, Open University Press | ||
| 260 | |a 1984 | ||
| 650 | |a Educational sociology |9 120654 | ||
| 650 | |a Teachers |9 120655 | ||
| 942 | |c BK | ||
| 999 | |c 168331 |d 168327 | ||
| 952 | |0 0 |1 0 |4 0 |7 0 |9 166754 |a SPS |b SPS |d 2019-04-16 |l 0 |p SPS00190 |r 2019-04-16 |w 2019-04-16 |y BK | ||